Pays, Capitales, Drapeaux - Spécial Amérique du Nord - Statistiques

Statistiques générales
  • Ce quiz a été pris 183 fois
  • Le résultat moyen est 16 sur 23
Statistiques - réponses
Par images Réponse % Correct
Mexique / Mexico
94%
États-Unis / Washington D.C.
90%
Canada / Ottawa
87%
Cuba / La Havane
82%
Panama / Panama
82%
Haïti / Port-au-Prince
76%
Jamaïque / Kingston
76%
République Dominicaine / Saint-Domingue
72%
Guatemala / Guatemala
71%
Salvador / San Salvador
69%
Costa Rica / San José
68%
Bahamas / Nassau
65%
Honduras / Tegucigalpa
65%
Barbade / Bridgetown
63%
Belize / Belmopan
62%
Trinité-et-Tobago / Port d'Espagne
62%
Antigua-et-Barbuda / Saint John's
59%
Dominique / Roseau
59%
Nicaragua / Managua
59%
Grenade / Saint-Georges
57%
Sainte-Lucie / Castries
57%
Saint-Vincent-et-les-Grenadines / Kingstown
54%
Saint-Christophe-et-Niévès / Basseterre
53%
Aucun quiz correspondant
Distribution des résultats
% des personnes avec chaque résultat
Percentile par nombre de réponses
Votre historique - résultats
Vous n’avez pas pris ce quiz